History Quiz

Random History or Politics Quiz

Names of Dictators Quiz Stats

 Plays Quiz not verified by Sporcle

Challenge
Share
Tweet
Embed
Score 0/10 Timer 10:00
0 Plays Today
Hint Answer % Correct
GermanyAdolf Hitler
80.9%
ItalyBenito Mussolini
78.7%
UgandaIdi Amin
61.7%
Cuba (Current)Raul Castro
61.7%
LibyaMuammar Gaddafi
27.7%
RomaniaNicolae Ceausescu
27.7%
Central African RepublicDavid Dacko
2.1%
KyrgyzstanAskar Akayev
2.1%
Turkmenistan (Current)Gurbanguly Berdimuhammedow
2.1%
MaldivesMaumoon Abdul Gayoom
2.1%

You're not logged in!

Compare scores with friends on all Sporcle quizzes.
OR
Log In

You Might Also Like...

Show Comments

Extras

Created Sep 14, 2014ReportNominate
Tags:Politics Quiz

Top Quizzes Today


Score Distribution

Your Account Isn't Verified!

In order to create a playlist on Sporcle, you need to verify the email address you used during registration. Go to your Sporcle Settings to finish the process.

Report this User

Report this user for behavior that violates our Community Guidelines.

Details: